000 00560nam a2200181 4500
001 123598
003 ES-MaACL
005 20250602063229.0
007 t|
008 070214s1965 sp r ||||1| spa d
100 1 _aRahner, Karl,
_d1904-1984
_995012
245 1 0 _aSentido teológico de la muerte /
_cKarl Rahner ; [versión castellana de Daniel Ruiz Bueno].
260 _aBarcelona :
_bHerder,
_c1965.
300 _a128 p. ;
_c22 cm.
700 1 _aRuiz Bueno, Daniel.
_9100677
852 _aES-MaACL
_jC-27419
_bR.56329
999 _c123598
_d123598